Borland's JBuilder

Αποθηκεύτηκε σε:
Λεπτομέρειες βιβλιογραφικής εγγραφής
Κύριος συγγραφέας: Zukowski, John
Μορφή: Βιβλίο
Γλώσσα:English
Δημοσίευση: San Francisco : Sybex, c1997.
Σειρά:No experience required
Θέματα:
Ετικέτες: Προσθήκη ετικέτας
Δεν υπάρχουν, Καταχωρήστε ετικέτα πρώτοι!

MARC

LEADER 00000cam a2200000 i 4500
001 1/34365
008 030311s1997 cau| ||| |||| ||eng||
020 |a 0782121357 
035 |l 10069682 
040 |a GR-MyUa  |b gre  |e AACR2 
041 0 |a eng 
082 7 |a 005.133   |2 (22)  
100 1 |a Zukowski, John. 
245 1 0 |a Borland's JBuilder /  |c John Zukowski.  
260 |a San Francisco :   |b Sybex,   |c c1997.  
300 |a xviii, 502 σ. :   |b εικ. ;   |c 23 εκ.  
490 1 |a (No experience required) 
500 |a Περιλαμβάνει ευρετήριο.  
630 0 0 |a JBuilder. 
650 0 |a Java (Computer program language) 
830 0 |a No experience required 
852 |a INST  |b SYROS  |e 20030311  |h 005.133 ZUK  |p 005500002414  |q 005500002414  |t BK  |y 23 
901 |a BIBL5-2003-1 
970 |a Καγιαβά  |b Ειρήνη  |z 11/03/2003